ITTO Borneo biodiversity expedition 1997

Bibliographic Details
Corporate Author: INTERNATIONAL Tropical Timber Organization (ITTO)
Format: Book
Published: Yokohama : ITTO , 1998
Subjects:

MARC

LEADER 00000cam a2200000 7i4500
001 0000002127
005 20021118.0
090 0 0 |a ITTO577.3095953   |b ITT 1998 
110 1 0 |a INTERNATIONAL Tropical Timber Organization (ITTO) 
245 1 0 |a ITTO Borneo biodiversity expedition 1997 
260 0 0 |a Yokohama :   |b ITTO ,   |c 1998 
300 |a 88 p. :   |b col. ill. ;   |c 26 cm. 
650 0 0 |a Biological diversity   |z Borneo 
650 0 0 |a Forest ecology   |z Borneo 
650 0 0 |a Social ecology 
998 |a JPSM 
999 |a 0000003467   |b Monograph   |c Open Shelf   |e Default branch 
999 |a 0000006468   |b Monograph   |c Open Shelf   |e Default branch